Why can't grown ups believe in angels?. (Record no. 111245)
[ view plain ]
| 000 -LEADER | |
|---|---|
| fixed length control field | 00388nam a2200133 a 4500 |
| 005 - DATE AND TIME OF LATEST TRANSACTION | |
| control field | 20140414131912.0 |
| 008 - FIXED-LENGTH DATA ELEMENTS--GENERAL INFORMATION | |
| fixed length control field | 100701s19uu xx 00 eng d |
| 050 ## - LIBRARY OF CONGRESS CALL NUMBER | |
| Classification number | M 235.3 |
| Item number | Si6 1993 |
| 100 ## - MAIN ENTRY--PERSONAL NAME | |
| Personal name | Sinetar, Marsha |
| 245 ## - TITLE STATEMENT | |
| Title | Why can't grown ups believe in angels?. |
| 260 ## - PUBLICATION, DISTRIBUTION, ETC. (IMPRINT) | |
| Place of publication, distribution, etc | Ligouri, Missouri : |
| Name of publisher, distributor, etc | Triumph books, |
| Date of publication, distribution, etc | 1993. |
| 650 ## - SUBJECT ADDED ENTRY--TOPICAL TERM | |
| Topical term or geographic name as entry element | Angels |
| General subdivision | Juvenile literatrure. |
| Withdrawn status | Lost status | Damaged status | Home library | Current library | Shelving location | Date acquired | Source of acquisition | Total Checkouts | Full call number | Barcode | Date last seen | Price effective from | Koha item type |
|---|---|---|---|---|---|---|---|---|---|---|---|---|---|
| Munich Library | Munich Library | Main Section | 07/01/2010 | M 235.3 Si6 1993 | M1868 | 04/14/2014 | 04/14/2014 | Books |